000 00958nam a2200277Ia 4500
005 20210727153318.0
008 160601s2004 mx a g 000 0 spa
020 _a9681670612
100 1 _aHowker, Janni
245 1 3 _aEl jardín de las figuras
_cJanni Howker ; ilustraciones de Tania Janco ; traducción de María Vinós
250 _a1a. edición
300 _a141 páginas
_bilustraciones
_c19 cm
490 _aA la orilla del viento
650 1 4 _2LEMB
_aCuentos juveniles ingleses
650 1 4 _2LEMB
_aLiteratura juvenil inglesa
650 1 4 _2LEMB
_aRelaciones humanas en la literatura
700 1 _aJanco, Tania
_eilustrador
700 1 _aVinós, María
_etraductor
942 _2loc
_cBKLIT
264 _aMéxico
_bFondo de Cultura Económica
_c2004
336 _atexto
_btxt
_2rdacontent
337 _asin mediación
_bn
_2rdamedia
338 _avolumen
_bnc
_2rdacarrier
040 _aCO-BoRNBP
_bspa
_erda
_cCO-BoRNBP
084 _aC HOW1
999 _c5838
_d5838